书目信息 |
| 题名: |
西夏演义
|
|
| 作者: | 高树榆 著 | |
| 分册: | 下 | |
| 出版信息: | 银川 宁夏人民出版社 2010.05 |
|
| 页数: | 187页 | |
| 开本: | 22cm | |
| 丛书名: | ||
| 单 册: | ||
| 中图分类: | I247.43 | |
| 科图分类: | ||
| 主题词: | 长篇小说--Chang Pian Xiao Shuo--中国--现代 , 章回小说--Zhang Hui Xiao Shuo--中国--现代 , 历史小说--Li Shi Xiao Shuo--中国--现代 | |
| 电子资源: | ||
| ISBN: | 978-7-227-02347-0 | |
| 000 | 00912nam0 2200277 450 | |
| 001 | CAL 012011193392 | |
| 005 | 20111230110351.68 | |
| 010 | @a978-7-227-02347-0@dCNY24.00 | |
| 099 | @aCAL 012011193392 | |
| 100 | @a20020305d2010 em y0chiy0110 ea | |
| 101 | 0 | @achi |
| 102 | @aCN@b640000 | |
| 105 | @ay z 000ay | |
| 200 | 1 | @a西夏演义@Axi xia yan yi@h下@f高树榆著 |
| 205 | @a第2版 | |
| 210 | @a银川@c宁夏人民出版社@d2010.05 | |
| 215 | @a187页@d22cm | |
| 314 | @a高树榆(1937~),生于天津,毕业于北京大学图书馆学系,宁夏作家协会会员,著有《昔日宁夏漫谈》、《丝绸路上的神秘国王》等。 | |
| 606 | 0 | @a长篇小说@AChang Pian Xiao Shuo@y中国@z现代 |
| 606 | 0 | @a章回小说@AZhang Hui Xiao Shuo@y中国@z现代 |
| 606 | 0 | @a历史小说@ALi Shi Xiao Shuo@y中国@z现代 |
| 690 | @aI247.43@v4 | |
| 701 | 0 | @a高树榆@Agao shu yu@4著 |
| 801 | 0 | @aCN@bNMU@c20111230 |
| 905 | @aZUCC@dI247.43@eG170=2:3@f3 | |
| 998 | @aNMU | |
| 西夏演义.下/高树榆著.-第2版.-银川:宁夏人民出版社,2010.05 |
| 187页;22cm |
| ISBN 978-7-227-02347-0:CNY24.00 |
| ● |
| 相关链接 |
|
|
|
正题名:西夏演义
索取号:I247.43/G170=2:3
 
预约/预借
| 序号 | 登录号 | 条形码 | 馆藏地/架位号 | 状态 | 备注 |
| 1 | 1189414 | 211894146 | 文学库108/108文学库 24排11列5层/ [索取号:I247.43/G170=2:3] | 在馆 | |
| 2 | 1189415 | 211894155 | 文学库108/108文学库 24排11列5层/ [索取号:I247.43/G170=2:3] | 在馆 | |
| 3 | 1189416 | 211894164 | 文学库108/108文学库 24排11列5层/ [索取号:I247.43/G170=2:3] | 在馆 |